| 000 | 00805nam a22001937a 4500 | ||
|---|---|---|---|
| 005 | 20251108164842.0 | ||
| 008 | 250721s1972 xx 000 0 ara d | ||
| 082 | 1 | 4 | _a371.33/فؤا |
| 100 | 1 |
_aإسكندر، فؤاد _eمؤلف |
|
| 245 | 1 | 0 |
_aالتعايش بين الثقافات على كوكبنا الأرض : _bمغامرة الكرة الزرقاء من مطبوعات لجنة المدارس الثانوية التابعة للمنظمة الجنوبية للكليات و المدارس / |
| 264 | 1 |
_aالقاهرة : _bدار المعرفة، _c1972. |
|
| 300 | _a143ص | ||
| 650 | 1 | 7 | _aالتدريس |
| 650 | 1 | 7 | _aوسائل التدريس |
| 650 | 1 | 7 | _aأساليب التدريس |
| 700 | 1 |
_aشعلان، محمد سليمان _eمراجعة |
|
| 942 |
_2ddc _cBK |
||
| 999 |
_c15893 _d15893 |
||